Coals of the state of Washington. (Record no. 25076)

MARC details
000 -LEADER
fixed length control field 00728cam a22002531 4500
001 - CONTROL NUMBER
control field gs 11000526
003 - CONTROL NUMBER IDENTIFIER
control field DLC
005 - DATE AND TIME OF LATEST TRANSACTION
control field 20260227111312.0
008 - FIXED-LENGTH DATA ELEMENTS--GENERAL INFORMATION
fixed length control field 720329s1911 xx 000 0 eng
010 ## - LIBRARY OF CONGRESS CONTROL NUMBER
LC control number gs 11000526
035 ## - SYSTEM CONTROL NUMBER
System control number (OCoLC)272850
040 ## - CATALOGING SOURCE
Original cataloging agency DLC
Transcribing agency ODaWU
Modifying agency DLC
042 ## - AUTHENTICATION CODE
Authentication code premarc
050 00 - LIBRARY OF CONGRESS CALL NUMBER
Classification number QE75
Item number .B9 no. 474
051 ## - LIBRARY OF CONGRESS COPY, ISSUE, OFFPRINT STATEMENT
Classification number TN805.W2
Item number S6
Copy information Copy 2.
100 1# - MAIN ENTRY--PERSONAL NAME
Personal name Smith, Edward Eggleston,
Dates associated with a name 1883-
245 10 - TITLE STATEMENT
Title Coals of the state of Washington.
260 ## - PUBLICATION, DISTRIBUTION, ETC.
Name of publisher, distributor, etc. Govt. Print. Off.,
Date of publication, distribution, etc. 1911.
300 ## - PHYSICAL DESCRIPTION
Extent 206 p.
410 20 - SERIES STATEMENT/ADDED ENTRY--CORPORATE NAME [OBSOLETE, CAN/MARC], [LOCAL, USA]
Corporate name or jurisdiction name as entry element Geological Survey (U.S.)
Title of a work Bulletin
Volume number/sequential designation 474
650 #0 - SUBJECT ADDED ENTRY--TOPICAL TERM
Topical term or geographic name entry element Coal
Geographic subdivision Washington (State)
650 #0 - SUBJECT ADDED ENTRY--TOPICAL TERM
Topical term or geographic name entry element Coal mines and mining
Geographic subdivision Washington (State)
710 2# - ADDED ENTRY--CORPORATE NAME
Corporate name or jurisdiction name as entry element Washington Geological Survey

No items available.

Powered by Koha